| 000 | 01394nam0a22003251 4500 | ||
|---|---|---|---|
| 001 | rc\4488603 | ||
| 005 | 20250612100102.0 | ||
| 021 |
_aRU _b[67-74948] |
||
| 035 | _a(NLR Aleph) 008606916 | ||
| 090 |
_a8739318 _c8739318 |
||
| 100 | _a20130416d1967 |||y0rusy50 ca | ||
| 101 | 0 | _arus | |
| 102 | _aRU | ||
| 105 | _aa z ||||| | ||
| 200 | 1 | _aДинамика двумерных систем автоматического регулирования | |
| 210 |
_aМосква _cНаука _d1967 |
||
| 215 |
_a307 с., 1 л. схем. _cил. _d21 |
||
| 225 | 1 | _aТеоретические основы технической кибернетики | |
| 300 | _aПеред загл. авт.: А.А. Казамаров, А.М. Палатник, Л.О. Роднянский | ||
| 320 | _aПредм. указатель: с. 307 | ||
| 320 | _aБиблиогр.: с. 305-306 (37 назв.) | ||
| 606 |
_aАвтоматические системы регулирования _xДинамические характеристики _2psbo |
||
| 700 | 1 |
_aКазамаров _bА.А. _gАлександр Александрович |
|
| 701 | 1 |
_aПалатник _bА.М. _gАлександр Мошкович |
|
| 701 | 1 |
_aРоднянский _bЛ.О. _gЛев Ошерович |
|
| 801 | 0 |
_aRU _bNLR _gpsbo |
|
| 801 | 1 |
_aRU _bELAR _2rusmarc |
|
| 852 |
_aNLR _j67-3/5199 |
||
| 942 | _cBOOK | ||
| 980 | _aNB | ||